LEADER 00550nab a2200133 i 4500 001 000000323969 003 CaOOAMICUS 005 20180831173434.0 008 180831n it uu u0 0ita r 013 $a34719 040 $aSeMil$bita 245 10$aBiennio Teologico. Cronache di Comunità, "...un giorno da piloti". - In [rubrica] :$bNotizie dai Seminari. 773 0 $t[GENNAIO 2002]. - 32 p.$gp.23-24$w()283208 996 $6245$aBiennio Teologico. Cronache di Comunità, "...un giorno da piloti". - In [rubrica] :$bNotizie dai Seminari.$9(OLS)http://semarc/title/397345 LEADER 00723naa a2200169 i 4500 001 000000299614 003 CaOOAMICUS 005 20190410121654.0 008 180831n xx u000 u und u 013 $a7263 040 $aSeMil$bita 100 1 $aD'Alario, Vittoria.$0(OLS)http://semarc/name/20595 245 12$aL'assurdità del male nella teodicea del Qohelet. 650 4$aBibbia. Antico Testamento. Qohelet - Commentari, studi, critica, interpretazioni.$0(OLS)http://semarc/subject/6967 773 0 $tInitium Sapientiae.$dBologna : EDB, copyr. 2000.$kSupplementi alla Rivista Biblica$z88-10-30224-9$w()72281 996 $6245$aL'assurdità del male nella teodicea del Qohelet$9(OLS)http://semarc/title/375642